Políticas sociales y trabajo social (Record no. 34097)
[ view plain ]
| 000 -CABECERA | |
|---|---|
| campo de control de longitud fija | 00626cam a22002412a 4500 |
| 001 - NÚMERO DE CONTROL | |
| campo de control | 002485 |
| 003 - IDENTIFICADOR DEL NÚMERO DE CONTROL | |
| campo de control | AR-FADEU |
| 005 - FECHA Y HORA DE LA ÚLTIMA TRANSACCIÓN | |
| campo de control | 20191024075115.0 |
| 008 - DATOS DE LONGITUD FIJA--INFORMACIÓN GENERAL | |
| campo de control de longitud fija | 311216n1884####xxu####################dd |
| 020 ## - ISBN | |
| Número Internacional Estándar del Libro | 950-582-097-6 |
| 040 ## - FUENTE DE LA CATALOGACIÓN | |
| Centro/agencia transcriptor | Biblioteca Ernesto Sábato |
| 092 ## - SIGNATURA TOPOGRÁFICA | |
| Número de clasificación | 362 |
| Libristica | F362 |
| Sector | BLYNK |
| 100 ## - Autor Personal | |
| Nombre de persona | Fernandez, Arturo |
| 245 ## - MENCIÓN DE TÍTULO | |
| Título | Políticas sociales y trabajo social |
| 260 ## - PUBLICACIÓN, DISTRIBUCIÓN, ETC. (PIE DE IMPRENTA) | |
| Lugar de publicación, distribución, etc. | Buenos Aires |
| 260 ## - PUBLICACIÓN, DISTRIBUCIÓN, ETC. (PIE DE IMPRENTA) | |
| Nombre del editor, distribuidor, etc. | Hvmanitas |
| 260 ## - PUBLICACIÓN, DISTRIBUCIÓN, ETC. (PIE DE IMPRENTA) | |
| Fecha de publicación, distribución, etc. | 1884 |
| 300 ## - DESCRIPCIÓN FÍSICA | |
| Paginas | 192 p |
| 440 ## - MENCIÓN DE SERIE/PUNTO DE ACCESO ADICIONAL--TÍTULO | |
| Título | Desarrollo Social |
| 650 ## - Descriptores Tematicos | |
| Término de materia o nombre geográfico como elemento inicial | POLITICAS SOCIALES-ARGENTINA/BLYNK/ |
| 700 ## - Coautores y traductores | |
| Nombre de persona | Margarita Rozas Pagaza |
| 942 ## - ELEMENTOS DE PUNTO DE ACCESO ADICIONAL (KOHA) | |
| Tipo de ítem Koha | BLYNK |
| Fuente del sistema de clasificación o colocación | Dewey Decimal Classification |
| Estado de retiro | Estado de pérdida | Fuente del sistema de clasificación o colocación | Estado dañado | No para préstamo | Localización permanente | Ubicación/localización actual | Ubicación en estantería | Fecha de adquisición | Número de inventario | Total de préstamos | Signatura topográfica completa | Código de barras | Fecha visto por última vez | Precio válido a partir de | Tipo de ítem Koha |
|---|---|---|---|---|---|---|---|---|---|---|---|---|---|---|---|
| Dewey Decimal Classification | Biblioteca Ernesto Sabato - FADECS - UNCOMA | Biblioteca Ernesto Sabato - FADECS - UNCOMA | Biblioteca Natalio Kisnerman | 24/10/2019 | 24725 | 362 F362 | 24725 | 24/10/2019 | 24/10/2019 | BLYNK |